| 000 | 00756nam a22002537a 4500 | ||
|---|---|---|---|
| 001 | 65303 | ||
| 003 | BD-RjUL | ||
| 005 | 20211209081416.0 | ||
| 008 | 170304s1959 ii ||||| b||| 00| 0 eng d | ||
| 035 | _a(BD-RjUL)65433 | ||
| 040 |
_aBD-RjUL _beng _cBD-RjUL _dBD-RjUL |
||
| 041 | _aeng | ||
| 082 |
_223 _a930 _bRET 1959 |
||
| 100 |
_aRenou, Louis _9193283 |
||
| 245 |
_aThe civilization in ancient India / _cLouis Renou ; translated from the french by Philip Spratt |
||
| 250 | _a2nd ed. | ||
| 260 |
_aCalcutta : _bSusil Gupta, _c1959. |
||
| 300 |
_avi, 189, ii p. ; _c24 cm. |
||
| 504 | _aInclude Bibliography | ||
| 650 |
_aCivilization. _zIndia _9193284 |
||
| 650 |
_aCivilization. _9170722 |
||
| 700 |
_aSpratt, Philip _9193285 |
||
| 942 |
_2ddc _cBK |
||
| 999 |
_c65303 _d65303 |
||